[Event "CZE-chT2D 1920"]
[Site "Czech Republic"]
[Date "2020.01.12"]
[Round "6.3"]
[White "Kracik, Tomas"]
[Black "Machan, Jan"]
[Result "1/2-1/2"]
[WhiteElo "2231"]
[BlackElo "2263"]
[PlyCount "31"]
[EventDate "2019.10.13"]
[EventType "team-tourn"]
[EventRounds "11"]
[EventCountry "CZE"]
[SourceTitle "EXT 2024"]
[Source "ChessBase"]
[SourceDate "2023.10.10"]
[SourceVersion "1"]
[SourceVersionDate "2023.10.10"]
[SourceQuality "1"]
[WhiteTeam "Hradec Kralove Slavia"]
[BlackTeam "Polabiny III"]
[WhiteTeamCountry "CZE"]
[BlackTeamCountry "CZE"]

1. e4 e6 2. d4 d5 3. exd5 exd5 4. Bd3 Bd6 5. Ne2 Nc6 6. c3 Nge7 7. Qc2 Bg4 8. f3 Bh5 9. Bf4 Bg6 10. Nd2 0-0 11. 0-0 Re8 12. Rae1 Bxd3 13. Qxd3 Ng6 14. Bxd6 Qxd6 15. f4 Nf8 16. f5 1/2-1/2

[Event "CZE-chT2D 1920"]
[Site "Czech Republic"]
[Date "2019.10.13"]
[Round "1.3"]
[White "Grundman, Vaclav"]
[Black "Kracik, Tomas"]
[Result "1/2-1/2"]
[WhiteElo "2003"]
[BlackElo "2231"]
[PlyCount "20"]
[EventDate "2019.10.13"]
[EventType "team-tourn"]
[EventRounds "11"]
[EventCountry "CZE"]
[SourceTitle "EXT 2024"]
[Source "ChessBase"]
[SourceDate "2023.10.10"]
[SourceVersion "1"]
[SourceVersionDate "2023.10.10"]
[SourceQuality "1"]
[WhiteTeam "Vysoke Myto"]
[BlackTeam "Hradec Kralove Slavia"]
[WhiteTeamCountry "CZE"]
[BlackTeamCountry "CZE"]

1. e4 c5 2. Nf3 a6 3. Nc3 Nc6 4. d4 cxd4 5. Nxd4 e6 6. g3 Nf6 7. Bg2 Qc7 8. 0-0 Bb4 9. Nce2 Nxd4 10. Nxd4 d5 1/2-1/2

[Event "CZE-chT1W 1819"]
[Site "Czech Republic"]
[Date "2019.01.06"]
[Round "5.6"]
[White "Cesal, Jaroslav"]
[Black "Kracik, Tomas"]
[Result "0-1"]
[WhiteElo "2177"]
[BlackElo "2240"]
[PlyCount "100"]
[EventDate "2018.10.21"]
[EventType "team-tourn"]
[EventRounds "11"]
[EventCountry "CZE"]
[SourceTitle "CBM 188 Extra"]
[Source "ChessBase"]
[SourceDate "2019.02.26"]
[SourceVersion "1"]
[SourceVersionDate "2019.02.26"]
[SourceQuality "1"]
[WhiteTeam "Kozolupy"]
[BlackTeam "Hradec Kralove"]
[WhiteTeamCountry "CZE"]
[BlackTeamCountry "CZE"]

1. d4 d5 2. Nf3 Nf6 3. c4 c6 4. cxd5 cxd5 5. Nc3 Nc6 6. Bf4 a6 7. e3 Bf5 8. Be2 e6 9. 0-0 Bd6 10. Bxd6 Qxd6 11. Rc1 0-0 12. Nh4 Bg6 13. f4 Ne4 14. Nxg6 Nxc3 15. bxc3 hxg6 16. c4 dxc4 17. Rxc4 Rac8 18. Qd2 b5 19. Rcc1 Qb4 20. Qd3 Na5 21. d5 Rxc1 22. Rxc1 exd5 23. Bf3 Qb2 24. Rb1 Qxa2 25. Bxd5 Nc4 26. Rd1 Qa4 27. Rf1 Qb4 28. Rc1 Nb6 29. Bb7 a5 30. Rb1 Qe7 31. Bc6 b4 32. Qd4 Nc8 33. e4 Rd8 34. Bd5 Qc7 35. Rd1 Re8 36. f5 gxf5 37. exf5 Qb6 38. Qxb6 Nxb6 39. Bb3 a4 40. Rd4 axb3 41. Rxb4 Nc4 42. Rxb3 f6 43. Kf2 Re5 44. g4 Re4 45. h3 Ne5 46. Kg3 Rd4 47. Rb8+ Kh7 48. Re8 Rd3+ 49. Kg2 Nf3 50. Ra8 Ng5 0-1

[Event "CZE-chT1W 1819"]
[Site "Czech Republic"]
[Date "2018.11.25"]
[Round "3.6"]
[White "Kucera, Petr"]
[Black "Kracik, Tomas"]
[Result "1/2-1/2"]
[WhiteElo "2260"]
[BlackElo "2240"]
[PlyCount "31"]
[EventDate "2018.10.21"]
[EventType "team-tourn"]
[EventRounds "11"]
[EventCountry "CZE"]
[SourceTitle "CBM 187 Extra"]
[Source "ChessBase"]
[SourceDate "2018.11.04"]
[SourceVersion "1"]
[SourceVersionDate "2018.11.04"]
[SourceQuality "1"]
[WhiteTeam "Turnov Zikuda II"]
[BlackTeam "Hradec Kralove"]
[WhiteTeamCountry "CZE"]
[BlackTeamCountry "CZE"]

1. d4 d5 2. Nf3 Nf6 3. Bf4 g6 4. e3 Bg7 5. Bd3 c6 6. c3 Nbd7 7. h3 0-0 8. Nbd2 Re8 9. 0-0 b6 10. Re1 Bb7 11. b4 Nh5 12. Bh2 f5 13. c4 e6 14. Rc1 Qe7 15. Qb3 Kh8 16. c5 1/2-1/2

[Event "CZE-chT2D 1718"]
[Site "Czech Republic"]
[Date "2018.04.08"]
[Round "11.3"]
[White "Kracik, Tomas"]
[Black "Svizensky, Lubos"]
[Result "1/2-1/2"]
[WhiteElo "2230"]
[BlackElo "1976"]
[PlyCount "75"]
[EventDate "2017.10.15"]
[EventType "team-tourn"]
[EventRounds "11"]
[EventCountry "CZE"]
[SourceTitle "EXT 2022"]
[Source "ChessBase"]
[SourceDate "2021.10.06"]
[SourceVersion "1"]
[SourceVersionDate "2021.10.06"]
[SourceQuality "1"]
[WhiteTeam "Hradec Kralove II"]
[BlackTeam "Dalesice Pivovar"]
[WhiteTeamCountry "CZE"]
[BlackTeamCountry "CZE"]

1. e4 c6 2. d3 d5 3. Nd2 e5 4. g3 Nf6 5. Bg2 Bd6 6. Ngf3 0-0 7. 0-0 Re8 8. c3 Nbd7 9. Re1 Qc7 10. Nf1 dxe4 11. dxe4 Bf8 12. Qc2 a5 13. Bg5 h6 14. Bd2 Nb6 15. Rad1 Be6 16. b3 a4 17. Ne3 axb3 18. axb3 Ra3 19. c4 Rea8 20. Bc3 Nbd7 21. Ra1 Rxa1 22. Rxa1 Rxa1+ 23. Bxa1 Ne8 24. Nf5 f6 25. Bc3 b5 26. Bf1 bxc4 27. Bxc4 Bxc4 28. bxc4 Nd6 29. Nxd6 Qxd6 30. Bd2 Qe6 31. Ba5 Bc5 32. Kg2 Kh7 33. Nh4 Nf8 34. Qe2 Ng6 35. Nf5 Ne7 36. Nh4 Ng6 37. Nf5 Ne7 38. Nh4 1/2-1/2

[Event "CZE-chT2D 1617"]
[Site "Czech Republic"]
[Date "2017.03.19"]
[Round "10.3"]
[White "Kracik, Tomas"]
[Black "Tesar, Jan"]
[Result "1/2-1/2"]
[WhiteElo "2209"]
[BlackElo "2088"]
[PlyCount "67"]
[EventDate "2016.10.09"]
[EventType "team-tourn"]
[EventRounds "11"]
[EventCountry "CZE"]
[SourceTitle "EXT 2022"]
[Source "ChessBase"]
[SourceDate "2021.10.06"]
[SourceVersion "1"]
[SourceVersionDate "2021.10.06"]
[SourceQuality "1"]
[WhiteTeam "Hradec Kralove II"]
[BlackTeam "Dalesice Pivovar"]
[WhiteTeamCountry "CZE"]
[BlackTeamCountry "CZE"]

1. e4 c5 2. Nf3 a6 3. c4 d6 4. d4 cxd4 5. Nxd4 Nf6 6. Nc3 e6 7. Be2 Be7 8. Be3 0-0 9. 0-0 Nbd7 10. f4 Qc7 11. Rc1 b6 12. Bf3 Bb7 13. f5 e5 14. Nde2 Nc5 15. Ng3 Bc6 16. b4 Ncd7 17. Qb3 Qb8 18. Nd5 Bd8 19. Rfd1 b5 20. Nxf6+ Nxf6 21. c5 dxc5 22. Bxc5 Bb6 23. Qe3 Bxc5 24. Rxc5 Bb7 25. Nh5 Nxh5 26. Bxh5 Qa7 27. Kf2 g6 28. Bg4 a5 29. Rxb5 Bxe4 30. Qxa7 Rxa7 31. Rxe5 gxf5 32. bxa5 f6 33. Rxf5 Bxf5 34. Bxf5 1/2-1/2

[Event "CZE-chT2D 1516"]
[Site "Czech Republic"]
[Date "2016.02.07"]
[Round "7.3"]
[White "Grundman, Vaclav"]
[Black "Kracik, Tomas"]
[Result "1/2-1/2"]
[WhiteElo "2087"]
[BlackElo "2209"]
[PlyCount "54"]
[EventDate "2015.10.18"]
[EventType "team-tourn"]
[EventRounds "11"]
[EventCountry "CZE"]
[SourceTitle "EXT 2022"]
[Source "ChessBase"]
[SourceDate "2021.10.06"]
[SourceVersion "1"]
[SourceVersionDate "2021.10.06"]
[SourceQuality "1"]
[WhiteTeam "Usti nad Orlici"]
[BlackTeam "Rychnov nad Kneznou"]
[WhiteTeamCountry "CZE"]
[BlackTeamCountry "CZE"]

1. e4 c5 2. Nf3 a6 3. d4 cxd4 4. Nxd4 Nf6 5. Nc3 e5 6. Nb3 Bb4 7. f3 d5 8. exd5 Nxd5 9. Bd2 Nxc3 10. bxc3 Be7 11. Bd3 Be6 12. 0-0 Nc6 13. f4 Bf6 14. Qe2 exf4 15. Rxf4 0-0 16. Nc5 Bd5 17. Ne4 Be5 18. Rf5 g6 19. Bg5 f6 20. Rxe5 Nxe5 21. Nxf6+ Rxf6 22. Qxe5 Qb6+ 23. Kh1 Bxg2+ 24. Kxg2 Qf2+ 25. Kh1 Qf3+ 26. Kg1 Qf2+ 27. Kh1 Qf3+ 1/2-1/2

[Event "CZE-chT2D 1516"]
[Site "Czech Republic"]
[Date "2015.12.06"]
[Round "4.3"]
[White "Kracik, Tomas"]
[Black "Fiedler, Bedrich"]
[Result "1/2-1/2"]
[WhiteElo "2209"]
[BlackElo "2122"]
[PlyCount "65"]
[EventDate "2015.10.18"]
[EventType "team-tourn"]
[EventRounds "11"]
[EventCountry "CZE"]
[SourceTitle "EXT 2022"]
[Source "ChessBase"]
[SourceDate "2021.10.06"]
[SourceVersion "1"]
[SourceVersionDate "2021.10.06"]
[SourceQuality "1"]
[WhiteTeam "Rychnov nad Kneznou"]
[BlackTeam "Lipa ZVU Engineering"]
[WhiteTeamCountry "CZE"]
[BlackTeamCountry "CZE"]

1. Nf3 d5 2. g3 Nf6 3. Bg2 c6 4. d3 Bf5 5. Nbd2 h6 6. 0-0 e6 7. c3 Be7 8. Qb3 Qb6 9. Re1 Bh7 10. e4 Qxb3 11. axb3 0-0 12. Ne5 Rd8 13. b4 Nbd7 14. Nxd7 Rxd7 15. Nb3 dxe4 16. dxe4 a6 17. f3 Kf8 18. Be3 Ke8 19. Kf1 Rc8 20. Ke2 g5 21. Red1 Rxd1 22. Rxd1 Nd7 23. Na5 Rc7 24. Nc4 c5 25. bxc5 Bxc5 26. Bc1 Ke7 27. f4 b5 28. Ne3 f6 29. fxg5 hxg5 30. h4 gxh4 31. Rh1 Ne5 32. gxh4 Rc8 33. Rh2 1/2-1/2

[Event "CZE-chT1E 1415"]
[Site "Czech Republic"]
[Date "2015.03.01"]
[Round "9.4"]
[White "Kubik, Michael"]
[Black "Kracik, Tomas"]
[Result "1-0"]
[WhiteElo "2177"]
[BlackElo "2203"]
[PlyCount "89"]
[EventDate "2014.10.19"]
[EventType "team-tourn"]
[EventRounds "11"]
[EventCountry "CZE"]
[SourceTitle "EXT 2016"]
[Source "ChessBase"]
[SourceDate "2015.10.08"]
[SourceVersion "1"]
[SourceVersionDate "2015.10.08"]
[SourceQuality "1"]
[WhiteTeam "Beskydy Chess School"]
[BlackTeam "Rychnov nad Kneznou"]
[WhiteTeamCountry "CZE"]
[BlackTeamCountry "CZE"]

1. e4 e6 2. d4 d5 3. Nd2 c5 4. exd5 Qxd5 5. Ngf3 Nf6 6. Bc4 Qd8 7. Nb3 cxd4 8. 0-0 Nc6 9. Qe2 a6 10. Rd1 b5 11. Nbxd4 Nxd4 12. Rxd4 Qb6 13. Bd3 Bc5 14. Rh4 Bb7 15. b4 Be7 16. Bb2 h6 17. Ne5 Nd5 18. Rg4 Bf6 19. a4 h5 20. Re4 bxa4 21. b5 Rc8 22. Bd4 Qc7 23. Re1 Nc3 24. Bxc3 Qxc3 25. Rxa4 Bxe5 26. Qxe5 Qxe5 27. Rxe5 axb5 28. Ra7 Bc6 29. Rc5 0-0 30. Rxh5 g6 31. Rg5 Ra8 32. Rxa8 Rxa8 33. h4 Kf8 34. Rc5 Be8 35. Bxb5 Bxb5 36. Rxb5 Rc8 37. Rb2 Kg7 38. Kf1 Kf6 39. Ke2 g5 40. hxg5+ Kxg5 41. Kd2 f5 42. Kd3 e5 43. c4 Kg4 44. Rc2 Rc5 45. Kc3 1-0

[Event "CZE-chT1E 1415"]
[Site "Czech Republic"]
[Date "2014.10.19"]
[Round "1.7"]
[White "Hlavacek, Robert"]
[Black "Kracik, Tomas"]
[Result "1/2-1/2"]
[WhiteElo "2205"]
[BlackElo "2203"]
[PlyCount "41"]
[EventDate "2014.10.19"]
[EventType "team-tourn"]
[EventRounds "11"]
[EventCountry "CZE"]
[SourceTitle "EXT 2015"]
[Source "ChessBase"]
[SourceDate "2014.11.20"]
[SourceVersion "1"]
[SourceVersionDate "2014.11.20"]
[SourceQuality "1"]
[WhiteTeam "Chrudim"]
[BlackTeam "Rychnov nad Kneznou"]
[WhiteTeamCountry "CZE"]
[BlackTeamCountry "CZE"]

1. d4 d5 2. Nf3 Nf6 3. c4 c6 4. Nc3 g6 5. e3 Bg7 6. Bd3 0-0 7. 0-0 Nbd7 8. b3 Re8 9. Bb2 a6 10. a4 Qc7 11. cxd5 cxd5 12. Qc2 b6 13. Rfc1 Qb8 14. Ne5 Bb7 15. f4 Rc8 16. Ba3 Rc7 17. Qd2 Qd8 18. Ra2 Rac8 19. Rac2 Bf8 20. Qe2 Nb8 21. Nd1 1/2-1/2

[Event "CZE-chT2D 1314"]
[Site "Czech Republic"]
[Date "2014.04.06"]
[Round "11.3"]
[White "Kracik, Tomas"]
[Black "Novak, Radomir"]
[Result "1/2-1/2"]
[WhiteElo "2164"]
[BlackElo "2136"]
[PlyCount "41"]
[EventDate "2013.11.03"]
[EventType "team-tourn"]
[EventRounds "11"]
[EventCountry "CZE"]
[SourceTitle "EXT 2016"]
[Source "ChessBase"]
[SourceDate "2015.10.08"]
[SourceVersion "1"]
[SourceVersionDate "2015.10.08"]
[SourceQuality "1"]
[WhiteTeam "Rychnov nad Kneznou"]
[BlackTeam "Hradec Kralove II"]
[WhiteTeamCountry "CZE"]
[BlackTeamCountry "CZE"]

1. e4 e6 2. d3 d5 3. Nd2 c5 4. Ngf3 Nc6 5. g3 Nf6 6. Bg2 Be7 7. 0-0 d4 8. a4 0-0 9. Nc4 b6 10. Ng5 e5 11. f4 Bg4 12. Bf3 Bxf3 13. Qxf3 Nd7 14. Qh5 Bxg5 15. fxg5 Qe7 16. Bd2 Qe6 17. Rf3 a6 18. Raf1 b5 19. axb5 axb5 20. Na3 Rab8 21. b3 1/2-1/2

[Event "CZE-chT2D 1314"]
[Site "Czech Republic"]
[Date "2014.02.16"]
[Round "8.4"]
[White "Holasek, Pavel"]
[Black "Kracik, Tomas"]
[Result "0-1"]
[WhiteElo "2077"]
[BlackElo "2164"]
[PlyCount "78"]
[EventDate "2013.11.03"]
[EventType "team-tourn"]
[EventRounds "11"]
[EventCountry "CZE"]
[SourceTitle "EXT 2016"]
[Source "ChessBase"]
[SourceDate "2015.10.08"]
[SourceVersion "1"]
[SourceVersionDate "2015.10.08"]
[SourceQuality "1"]
[WhiteTeam "Usti nad Orlici"]
[BlackTeam "Rychnov nad Kneznou"]
[WhiteTeamCountry "CZE"]
[BlackTeamCountry "CZE"]

1. e4 c5 2. Nf3 a6 3. Nc3 e6 4. d4 cxd4 5. Nxd4 Qc7 6. Bd3 Nc6 7. Nxc6 bxc6 8. 0-0 d5 9. f4 Nf6 10. Kh1 Be7 11. Rf3 Bb7 12. Rg3 g6 13. Qf3 c5 14. e5 d4 15. Ne4 Nh5 16. Rh3 c4 17. Bf1 f5 18. Nd6+ Bxd6 19. exd6 Bxf3 20. dxc7 Bd5 21. b3 Kd7 22. bxc4 Be4 23. Bd3 Kxc7 24. Kg1 Rab8 25. Kf2 Nf6 26. Ba3 Ng4+ 27. Kg1 Ne3 28. Rg3 Bxd3 29. Rxe3 dxe3 30. cxd3 Rhd8 31. Bc5 Rxd3 32. Re1 Rbd8 33. Bxe3 Rd1 34. Kf2 Rxe1 35. Kxe1 Rd3 36. Bc5 Rc3 37. g3 Rxc4 38. Be7 Rc2 39. a3 Rxh2 0-1

[Event "CZE-chT2D 1314"]
[Site "Czech Republic"]
[Date "2013.12.01"]
[Round "3.4"]
[White "Kracik, Tomas"]
[Black "Cizinsky, Petr"]
[Result "0-1"]
[WhiteElo "2164"]
[BlackElo "2160"]
[PlyCount "104"]
[EventDate "2013.11.03"]
[EventType "team-tourn"]
[EventRounds "11"]
[EventCountry "CZE"]
[SourceTitle "EXT 2016"]
[Source "ChessBase"]
[SourceDate "2015.10.08"]
[SourceVersion "1"]
[SourceVersionDate "2015.10.08"]
[SourceQuality "1"]
[WhiteTeam "Rychnov nad Kneznou"]
[BlackTeam "Polabiny III"]
[WhiteTeamCountry "CZE"]
[BlackTeamCountry "CZE"]

1. e4 c5 2. Nf3 d6 3. c3 Nf6 4. Be2 Nbd7 5. d3 e5 6. a4 Be7 7. Na3 b6 8. Nc4 0-0 9. 0-0 Bb7 10. Re1 Re8 11. Bf1 Bf8 12. Bg5 Qc7 13. Bh4 h6 14. h3 Bc6 15. Nh2 d5 16. Nd2 g6 17. Qf3 Bg7 18. Ng4 Nxg4 19. hxg4 Qd6 20. Qe2 Qe6 21. Qf3 Bf6 22. Bg3 Bg5 23. exd5 Bxd5 24. Ne4 Bxe4 25. dxe4 Nf6 26. Be2 Qb3 27. Bb5 Re7 28. Qe2 Qe6 29. f3 h5 30. Bc4 Qc8 31. Ba6 Qf8 32. Rad1 Qh6 33. Rd6 Kg7 34. Kf2 hxg4 35. Qd1 Bh4 36. Qd2 Bxg3+ 37. Kxg3 Nh5+ 38. Kf2 Nf4 39. fxg4 Qg5 40. Kf3 Rh8 41. g3 f5 42. exf5 gxf5 43. gxf5 Qxf5 44. Qxf4 exf4 45. Rxe7+ Kf8 46. Re4 fxg3+ 47. Rf4 Qxf4+ 48. Kxf4 g2 49. Rg6 Rg8 50. Rxg2 Rxg2 51. b4 cxb4 52. cxb4 Rb2 0-1

[Event "CZE-chT2D 1314"]
[Site "Czech Republic"]
[Date "2013.11.17"]
[Round "2.5"]
[White "Kracik, Tomas"]
[Black "Maly, Marek1111"]
[Result "1/2-1/2"]
[WhiteElo "2164"]
[BlackElo "2183"]
[PlyCount "65"]
[EventDate "2013.11.03"]
[EventType "team-tourn"]
[EventRounds "11"]
[EventCountry "CZE"]
[SourceTitle "EXT 2016"]
[Source "ChessBase"]
[SourceDate "2015.10.08"]
[SourceVersion "1"]
[SourceVersionDate "2015.10.08"]
[SourceQuality "1"]
[WhiteTeam "Rychnov nad Kneznou"]
[BlackTeam "Velke Losiny"]
[WhiteTeamCountry "CZE"]
[BlackTeamCountry "CZE"]

1. e4 e6 2. d3 d5 3. Nd2 Nf6 4. Ngf3 c5 5. g3 Nc6 6. Bg2 Be7 7. 0-0 0-0 8. Re1 Re8 9. h4 dxe4 10. dxe4 e5 11. c3 b6 12. Qa4 Bb7 13. Nc4 Qc7 14. Ne3 Na5 15. Nf5 Qd7 16. Qxd7 Nxd7 17. Bh3 Rad8 18. h5 h6 19. g4 Nc4 20. Bf1 Nd6 21. Nxd6 Bxd6 22. Nh4 Nf6 23. f3 Bc7 24. Bb5 Rf8 25. Nf5 a6 26. Be2 Rd7 27. Be3 Kh7 28. Rad1 Rfd8 29. Rxd7 Rxd7 30. Rd1 Rxd1+ 31. Bxd1 c4 32. Be2 b5 33. Kf2 1/2-1/2

[Event "Nachod op 11th"]
[Site "Nachod"]
[Date "2013.07.05"]
[Round "7"]
[White "Szucs, Matyas"]
[Black "Kracik, Tomas"]
[Result "0-1"]
[WhiteElo "2001"]
[BlackElo "2174"]
[PlyCount "130"]
[EventDate "2013.06.29"]
[EventType "swiss"]
[EventRounds "9"]
[EventCountry "CZE"]
[SourceTitle "CBM 155 Extra"]
[Source "ChessBase"]
[SourceDate "2013.08.26"]
[SourceVersion "1"]
[SourceVersionDate "2013.08.26"]
[SourceQuality "1"]

1. d4 c5 2. e3 Nf6 3. Nf3 g6 4. Bd3 Bg7 5. Nbd2 d6 6. 0-0 0-0 7. Qe2 Nc6 8. c3 Qc7 9. h3 Re8 10. Rd1 b6 11. Nf1 Bb7 12. Bd2 Rad8 13. e4 e5 14. dxe5 Nxe5 15. Nxe5 dxe5 16. Bg5 Rd6 17. Bxf6 Bxf6 18. Ne3 Bg5 19. f3 Red8 20. Bc2 Bf4 21. Kh1 Qe7 22. Qf2 Qg5 23. Nf1 Qh5 24. Rxd6 Rxd6 25. Rd1 Rxd1 26. Bxd1 Bxe4 27. Ng3 Bxg3 28. Qxg3 Bd5 29. Bb3 Bc6 30. Bc2 Bd5 31. Bb3 Bxb3 32. axb3 Qf5 33. Qe1 h5 34. Qd2 Qf4 35. Qd8+ Kg7 36. Qb8 Qe3 37. Qxa7 Qc1+ 38. Kh2 Qf4+ 39. Kh1 Qc1+ 40. Kh2 Qxb2 41. Qxb6 Qxc3 42. Qd6 Qd4 43. Qc7 Qd5 44. Kg3 Kh7 45. Kh2 Qxb3 46. Qxc5 Qe6 47. Qc7 Qf5 48. Qe7 Kg7 49. Kh1 Qf4 50. Qc7 Qd4 51. Qe7 Qd1+ 52. Kh2 Qd5 53. Kh1 Qe6 54. Qd8 Qf6 55. Qc7 g5 56. Qb7 g4 57. fxg4 hxg4 58. hxg4 Qh4+ 59. Kg1 Qe1+ 60. Kh2 Qh4+ 61. Kg1 Qxg4 62. Qe7 Qf4 63. Qd6 Qd4+ 64. Qxd4 exd4 65. Kf2 Kf6 0-1

[Event "Nachod op 11th"]
[Site "Nachod"]
[Date "2013.07.01"]
[Round "3"]
[White "Kracik, Tomas"]
[Black "Kulhanek, Tomas"]
[Result "0-1"]
[WhiteElo "2174"]
[BlackElo "2346"]
[PlyCount "62"]
[EventDate "2013.06.29"]
[EventType "swiss"]
[EventRounds "9"]
[EventCountry "CZE"]
[SourceTitle "CBM 155 Extra"]
[Source "ChessBase"]
[SourceDate "2013.08.26"]
[SourceVersion "1"]
[SourceVersionDate "2013.08.26"]
[SourceQuality "1"]

1. e4 d6 2. d4 Nf6 3. Nc3 g6 4. Bc4 Bg7 5. Nf3 c6 6. a4 0-0 7. Bb3 d5 8. e5 Ne8 9. h3 f6 10. Bf4 Na6 11. Qd2 Nac7 12. g4 Ne6 13. Bg3 fxe5 14. Nxe5 Nd6 15. 0-0-0 Nf7 16. f4 Nxe5 17. fxe5 Rf3 18. Qg2 Rf7 19. Rhf1 Rxf1 20. Qxf1 Bd7 21. Qd3 Qb6 22. Bh4 g5 23. Bg3 Rf8 24. Ne2 Be8 25. Qe3 Bg6 26. Be1 Be4 27. a5 Qa6 28. Nc3 Rf3 29. Qg1 Nf4 30. Bd2 Rxc3 31. Bxf4 Rxb3 0-1

[Event "CZE-chT2D 1213"]
[Site "Czech Republic"]
[Date "2013.03.03"]
[Round "10.2"]
[White "Kracik, Tomas"]
[Black "Stratil, Ladislav Jr"]
[Result "1/2-1/2"]
[WhiteElo "2157"]
[BlackElo "2362"]
[PlyCount "85"]
[EventDate "2012.10.14"]
[EventType "team-tourn"]
[EventRounds "11"]
[EventCountry "CZE"]
[SourceTitle "EXT 2016"]
[Source "ChessBase"]
[SourceDate "2015.10.08"]
[SourceVersion "1"]
[SourceVersionDate "2015.10.08"]
[SourceQuality "1"]
[WhiteTeam "Rychnov nad Kneznou"]
[BlackTeam "Velke Losiny"]
[WhiteTeamCountry "CZE"]
[BlackTeamCountry "CZE"]

1. e4 g6 2. d4 Bg7 3. Be2 d6 4. Nc3 Nd7 5. Be3 e6 6. h4 h6 7. Qd2 Ne7 8. 0-0-0 a6 9. h5 g5 10. f4 gxf4 11. Bxf4 e5 12. dxe5 Nxe5 13. Nf3 N7c6 14. Nd5 Be6 15. Qc3 0-0 16. Qd2 Kh7 17. Nh4 Ng4 18. Nf5 Bxf5 19. exf5 Nf6 20. Bd3 Ne5 21. g4 Nf3 22. Qf2 Ne5 23. Qd2 Nf3 24. Qg2 Ng5 25. Qd2 c6 26. Nc3 Rg8 27. Bxg5 hxg5 28. h6 Bf8 29. Rde1 d5 30. Kb1 Bb4 31. a3 Ba5 32. Qh2 d4 33. Ne4 Bxe1 34. Rxe1 Nxe4 35. Rxe4 Qf6 36. Re7 b5 37. Qh5 Rgf8 38. Qg6+ Qxg6 39. fxg6+ Kxh6 40. gxf7 Kg7 41. Re5 Kxf7 42. Rxg5 Ke6 43. Be4 1/2-1/2

[Event "CZE-chT2D 1213"]
[Site "Czech Republic"]
[Date "2012.12.02"]
[Round "4.2"]
[White "Kracik, Tomas"]
[Black "Beil, Zdenek"]
[Result "1/2-1/2"]
[WhiteElo "2157"]
[BlackElo "2253"]
[PlyCount "108"]
[EventDate "2012.10.14"]
[EventType "team-tourn"]
[EventRounds "11"]
[EventCountry "CZE"]
[SourceTitle "EXT 2016"]
[Source "ChessBase"]
[SourceDate "2015.10.08"]
[SourceVersion "1"]
[SourceVersionDate "2015.10.08"]
[SourceQuality "1"]
[WhiteTeam "Rychnov nad Kneznou"]
[BlackTeam "Olomouc Garde"]
[WhiteTeamCountry "CZE"]
[BlackTeamCountry "CZE"]

1. e4 d6 2. d4 Nf6 3. Nc3 c6 4. a4 g6 5. Be2 Bg7 6. h4 h5 7. Nf3 Bg4 8. Be3 a5 9. Qd2 Na6 10. e5 Nd7 11. exd6 exd6 12. Ng5 Bxe2 13. Nxe2 Nf6 14. Nf4 Nb4 15. 0-0 Qd7 16. Rfe1 0-0 17. f3 Rfe8 18. Nd3 Nfd5 19. Bf2 Nxd3 20. Qxd3 Nb4 21. Qb3 d5 22. Rad1 Qf5 23. Rxe8+ Rxe8 24. c3 Qc2 25. Qxc2 Nxc2 26. Rd2 Na1 27. Kf1 b5 28. axb5 cxb5 29. Re2 Rxe2 30. Kxe2 Bh6 31. Be3 Bxg5 32. Bxg5 Kf8 33. Bd8 a4 34. Kd3 Ke8 35. Bb6 Kd7 36. Ba5 Ke6 37. Bc7 Kf5 38. Bd8 f6 39. Bc7 g5 40. g3 g4 41. f4 Nb3 42. Bd8 Ke6 43. Ke3 f5 44. Kd3 Kd7 45. Bb6 Kc6 46. Bd8 Kb7 47. Kc2 Ka6 48. Bc7 b4 49. Bd6 bxc3 50. Kxc3 Kb5 51. Be7 Na5 52. Ba3 Nc6 53. Bc5 Ka5 54. Bd6 Kb6 1/2-1/2

[Event "CZE-chT2D 1213"]
[Site "Czech Republic"]
[Date "2012.11.18"]
[Round "3.4"]
[White "Nyvlt, Otto"]
[Black "Kracik, Tomas"]
[Result "0-1"]
[WhiteElo "1980"]
[BlackElo "2157"]
[PlyCount "66"]
[EventDate "2012.10.14"]
[EventType "team-tourn"]
[EventRounds "11"]
[EventCountry "CZE"]
[SourceTitle "EXT 2016"]
[Source "ChessBase"]
[SourceDate "2015.10.08"]
[SourceVersion "1"]
[SourceVersionDate "2015.10.08"]
[SourceQuality "1"]
[WhiteTeam "Nachod"]
[BlackTeam "Rychnov nad Kneznou"]
[WhiteTeamCountry "CZE"]
[BlackTeamCountry "CZE"]

1. d4 e6 2. c4 f5 3. g3 Nf6 4. Bg2 c5 5. d5 e5 6. Nc3 d6 7. e4 Be7 8. Bg5 0-0 9. Nge2 Nxe4 10. Bxe7 Nxc3 11. Bxd8 Nxd1 12. Be7 Re8 13. Bxd6 Nxb2 14. 0-0 Nxc4 15. Bxc5 Na6 16. Rfc1 Nxc5 17. Rxc4 b6 18. Rc2 Ba6 19. Nc3 Rac8 20. d6 Rcd8 21. Bc6 Rf8 22. Rd1 Bd3 23. Rcd2 e4 24. d7 Nxd7 25. f3 Ne5 26. Bd5+ Kh8 27. Rf2 e3 28. Rb2 e2 29. Re1 Rxd5 30. Nxd5 Nxf3+ 31. Kf2 Nxe1 32. Kxe1 Re8 33. Kd2 Rc8 0-1